Influence of Macro-environment Factors on the Formation of Innovation Potential

Salvato in:
Dettagli Bibliografici
Autore principale: Šefčíková, Denisa
Natura: Capitolo di libro
Lingua:inglese
Soggetti:
Tags: Aggiungi Tag
Nessun Tag, puoi essere il primo ad aggiungerne!!

MARC

LEADER 00000naa$a2200000$$$4500
001 0269202
005 20240502074221.4
041 0 |a eng 
044 |a SK 
245 1 0 |a Influence of Macro-environment Factors on the Formation of Innovation Potential  |c Denisa Šefčíková 
500 |a abstrakt 
610 2 0 |a inovácia 
610 2 0 |a manažment inovačný 
610 2 0 |a podpora inovácií 
610 2 0 |a potenciál ekonomický 
100 1 |a Šefčíková, Denisa